000
00337 a2200145 4500
999
_c
12036
_d
12036
003
OSt
005
20240117173515.0
008
240117b ||||| |||| 00| 0 eng d
020
_a
978-8416504596
082
_a
749.63
100
_a
Ivy Liu; Jian Wong;Dopress
245
_a
Eco Design: Lamps
260
_b
Promopress
_c
2016
942
_2
ddc